Central Library OPAC University of Rajshahi

The philosophy of C. D. Broad / (Record no. 30957)

MARC details
000 -LEADER
fixed length control field 00914cam a22002771 4500
001 - CONTROL NUMBER
control field 30957
003 - CONTROL NUMBER IDENTIFIER
rucl marc code BD-RjUL
005 - DATE AND TIME OF LATEST TRANSACTION
control field 20211209051636.0
008 - FIXED-LENGTH DATA ELEMENTS--GENERAL INFORMATION
fixed length control field 140412s1959 nyuch b 000 0 eng
035 ## - SYSTEM CONTROL NUMBER
System control number (BD-RjUL)31044
System control number (OCoLC)479342
040 ## - CATALOGING SOURCE
Original cataloging agency DLC
Transcribing agency OCU
Modifying agency OCoLC
-- BD-RjUL
-- BD-RjUL
Language of cataloging eng
041 ## - LANGUAGE CODE
Language code of text/sound track or separate title eng
082 ## - DEWEY DECIMAL CLASSIFICATION NUMBER
Classification number 192
Author mark and year PHI 1959
245 14 - TITLE STATEMENT
Title The philosophy of C. D. Broad /
250 ## - EDITION STATEMENT
Edition statement 1st ed.
260 ## - PUBLICATION, DISTRIBUTION, ETC. (IMPRINT)
Place of publication, distribution, etc. New York,
Name of publisher, distributor, etc. Tudor Pub. Co.
Date of publication, distribution, etc. 1959
300 ## - PHYSICAL DESCRIPTION
Pagination xii, 866 p. :
Illustrations port., facsim. ;
Size 24 cm.
500 ## - GENERAL NOTE
General note "Bibliography of the writings of C. D. Broad to the end of July 1959, compiled by C. Lewy.": p. [831]-852.
600 10 - SUBJECT ADDED ENTRY--PERSONAL NAME
Personal name Broad, C. D.
Fuller form of name (Charlie Dunbar),
Dates associated with a name 1887-1971.
700 ## - ADDED ENTRY--PERSONAL NAME
Personal name Schilpp, Paul Arthur,
Fuller form of name 1897-1993,
942 ## - ADDED ENTRY ELEMENTS (KOHA)
Source of classification or shelving scheme Dewey Decimal Classification
Koha item type Books
Holdings
Lost status Source of classification or shelving scheme Damaged status Not for loan Collection code Permanent Location Current Location Shelving location Date acquired Source of acquisition Cost, normal purchase price Total Checkouts Full call number Date last seen Copy number Koha item type
  Dewey Decimal Classification   Not For Loan Non-fiction Central Library, University of Rajshahi Central Library, University of Rajshahi Reading Room 13/03/1963 Zitlinger 110.00   192 PHI 1959 12/04/2014 C-1 Books